00839cam a2200181 a 4500020003800000020003500038020002600073020002300099040000800122082002600130245008100156300002800237520030400265650002600569650002600595650001300621700002300634 a9780810881068 (pbk. : alk. paper) a0810881063 (pbk. : alk. paper) a9780810881075 (ebook) a0810881071 (ebook) cDLC00a809 CUP 1994 C152 Or.00aBridges to understanding :benvisioning the world through children's books / axii, 521 pages ;c23 cm aThis annotated bibliography, organized geographically by world region and country, with descriptions of nearly 700 books representing more than 70 countries, is a valuable resource for librarians, teachers, and anyone else seeking to promote international understanding through children's literature 0aChildren's literature 0aChildren's literature 0aChildren1 aPavonetti, Linda M